000 00386nam a2200157Ia 4500
008 230917s9999||||xx |||||||||||||| ||und||
040 _e47907
_aMAIN
041 _aEnglish
082 _a181.4 S78P
100 _aSastri, S Kuppuswami
245 0 _aPrimer of Indian logic
250 _a3rd ed.
260 _aMadras
_bKuppuswami Sastri
_c1961
300 _axviii, 282 p.
942 _cBK
999 _c162386
_d162386